00553nam a2200181 a 45000010010000000030011000100080041000210350026000620820014000881000021001022450043001232600037001666500031002039420012002349520090002469980020003369990015003560000-9132ELIB.Books110520 1981  a(ELIB.Books)0000-9284 a260 bCol aColson, Howard P aUnderstanding Your Church's Curriculum bTennessee: Broadman Press c1981 aChristian Church - Society 2ddccBK 00102ddc4070aKBTSbKBTSd2011-05-20l0p6869r2022-01-22 00:00:00w2022-01-22yBK cbate2011-05-20 c9132d9132